Η πόλη

Αποθηκεύτηκε σε:
Λεπτομέρειες βιβλιογραφικής εγγραφής
Κύριος συγγραφέας: Weber, Max, 1864-1920
Άλλοι συγγραφείς: Γκιούρας, Θανάσης (Συγγραφέας εισαγωγής κ.λπ., Μεταφραστής)
Μορφή: Βιβλίο
Γλώσσα:Greek
German
Δημοσίευση: Αθήνα : Κένταυρος, 2003.
Θέματα:
Ετικέτες: Προσθήκη ετικέτας
Δεν υπάρχουν, Καταχωρήστε ετικέτα πρώτοι!

MARC

LEADER 00000cam a2200000 i 4500
001 1/27432
008 060403s2003 gr | ||| |||| ||gre||
020 |a 9607889037 
035 |l 10083404 
040 |a GR-MyUa   |b gre   |e AACR2  
041 1 |a gre  |h ger 
082 7 |a 938.16   |2 (22)  
100 1 |a Weber, Max,   |d 1864-1920. 
245 1 2 |a Η πόλη /   |c Max Weber ; εισαγωγή - μετάφραση - σχόλια: Θανάσης Γκιούρας.  
260 |a Αθήνα :   |b Κένταυρος,   |c 2003.  
300 |a 237 σ. ;   |c 22 εκ.  
500 |a Με: Σπάρτη / Ernst Baltrusch. - Έθνη και εθνικισμός / Ernest Gellner.  
500 |a Τίτλος πρωτοτύπου: Die Stadt (Wirtschaft und Gesellschaft). 
650 0 |a Sociology  |z Germany. 
700 1 |a Γκιούρας, Θανάσης,  |e aui  |e trl 
852 |a INST  |b RHODES  |c KRI  |e 20060403  |h  938.16 BAL  |p 005400021083  |q 005400021083  |t BK  |y 0 
901 |a BIBL4-2006-1 
970 |a Κόζα  |b Μαρία   |z 2006/04/03